书目信息 |
| 题名: |
东方文学名著宝库
|
|
| 作者: | 傅加令 编著 | |
| 分册: | ||
| 出版信息: | 北京 工人出版社 1989.2 |
|
| 页数: | 462页 | |
| 开本: | 20cm | |
| 丛书名: | ||
| 单 册: | ||
| 中图分类: | I11 | |
| 科图分类: | ||
| 主题词: | 文学--作品集--世界 | |
| 电子资源: | ||
| ISBN: | ||
| 000 | 00535nam0 2200193 45 | |
| 001 | 0312221749 | |
| 005 | 20050328172242.4 | |
| 010 | @dCNY4.75 | |
| 100 | @a20031222d1989 km y0chiy0120 ea | |
| 101 | @achi | |
| 105 | @a z 000yy | |
| 200 | 1 | @a东方文学名著宝库@ADong Fang Wen Xue Ming Zhu Bao Ku@f傅加令编著@FFu Jia Ling Bian Zhu |
| 210 | @a北京@c工人出版社@d1989.2 | |
| 215 | @a462页@d20cm | |
| 606 | 0 | @a文学@x作品集@x世界 |
| 690 | @aI11@v3 | |
| 701 | 0 | @a傅加令@4编著 |
| 801 | @aCN@bTSTCL@c20031222 | |
| 905 | @dI11@e164@f1@b220289 | |
| 东方文学名著宝库/傅加令编著.-北京:工人出版社,1989.2 |
| 462页;20cm |
| ISBN :CNY4.75 |
| ● |
| 相关链接 |
|
|
|
|
正题名:东方文学名著宝库
索取号:I11/164
 
预约/预借
| 序号 | 登录号 | 条形码 | 馆藏地/架位号 | 状态 | 备注 |
| 1 | 0220289 | 002009221 | 第二借阅区/ [索取号:I11/164] | 在馆 | |
| 2 | 0220290 | 202070588 | 第一样本阅览室/ [索取号:I11/164] | 在馆 |